Interview with the vampire : Claudia's story /

"She was the vampire who never should have been, her very existence an abomination among the creatures of the night. A predator's lust imprisoned in the body of a child, she moves through the shadows of a world forever beyond her reach. Orphan, daughter, victim, and monster-- This is Claud...

Full description

Bibliographic Details
Main Author: Witter, Ashley Marie, 1985-
Other Authors: Rice, Anne
Format: Book
Language:English
Published: New York : Yen Press, 2012.
Edition:1st ed.
Subjects:

MARC

Tag First Indicator Second Indicator Subfields
LEADER 00000cam a2200000 a 4500
001 in00002787939
005 20151202171611.0
008 121109s2012 nyua 6 000 1 eng d
019 |a 776526251 
020 |a 9780316176361 (trade) 
020 |a 0316176362 (trade) 
035 |a (OCoLC)ocn816655977 
035 |a (OCoLC)816655977  |z (OCoLC)776526251 
040 |a BKX  |c BKX  |d BKX  |d BTCTA  |d BDX  |d YDXCP  |d WIM  |d TXA  |d UtOrBLW 
043 |a n-us--- 
049 |a TXAM 
082 0 4 |a 741.5/973  |2 23 
090 |a PN6728.I38  |b W58 2012 
100 1 |a Witter, Ashley Marie,  |d 1985- 
245 1 0 |a Interview with the vampire :  |b Claudia's story /  |c Anne Rice ; art and adaptation by Ashley Marie Witter. 
246 3 0 |a Claudia's story 
250 |a 1st ed. 
264 1 |a New York :  |b Yen Press,  |c 2012. 
300 |a 1 volume (unpaged) :  |b chiefly color illustrations ;  |c 22 cm. 
336 |a text  |b txt  |2 rdacontent 
337 |a unmediated  |b n  |2 rdamedia 
338 |a volume  |b nc  |2 rdacarrier 
520 |a "She was the vampire who never should have been, her very existence an abomination among the creatures of the night. A predator's lust imprisoned in the body of a child, she moves through the shadows of a world forever beyond her reach. Orphan, daughter, victim, and monster-- This is Claudia's story" -- from publisher's web site. 
521 8 |a Older teen. 
541 0 |a Donated by Mary K. Campbell  |d 20141004 
600 1 0 |a Rice, Anne  |v Adaptations. 
650 0 |a Vampires  |v Comic books, strips, etc. 
650 0 |a Children  |v Comic books, strips, etc. 
650 0 |a Families  |v Comic books, strips, etc. 
650 0 |a Comic books, strips, etc.  |z United States. 
655 0 |a Horror comic books, strips, etc. 
655 7 |a Graphic novels.  |2 lcgft 
655 7 |a Comics (Graphic works)  |2 lcgft 
700 1 |a Rice, Anne.  |t Interview with the vampire. 
948 |a cataloged  |b h  |c 2012/12/3  |d c  |e ceaton  |f 3:06:00 pm 
994 |a C0  |b TXA 
999 |a MARS 
999 f f |s 3493ca5d-5411-3abe-bc15-72bb409018df  |i 18657f12-8215-38ca-a059-8ea130961602  |t 0 
952 f f |p normal  |a Texas A&M University  |b College Station  |c Sterling C. Evans Library  |d Evans: Library Stacks  |t 0  |e PN6728.I38 W58 2012  |h Library of Congress classification  |i unmediated -- volume  |m A14841622680 
952 f f |p noncirc  |a Texas A&M University  |b College Station  |c Cushing Memorial Library & Archives  |d Cushing: Science Fiction (Does not check out)  |t 0  |e PN6728.I38 W58 2012  |h Library of Congress classification  |i unmediated -- volume 
998 f f |a PN6728.I38 W58 2012  |t 0  |l Evans: Library Stacks 
998 f f |a PN6728.I38 W58 2012  |t 0  |l Cushing: Science Fiction (Does not check out)